<?xml version="1.0" encoding="UTF-8"?>
<record
    xmlns:xsi="http://www.w3.org/2001/XMLSchema-instance"
    xsi:schemaLocation="http://www.loc.gov/MARC21/slim http://www.loc.gov/standards/marcxml/schema/MARC21slim.xsd"
    xmlns="http://www.loc.gov/MARC21/slim">

  <leader>01133nam a22002657a 4500</leader>
  <controlfield tag="005">20170124103124.0</controlfield>
  <datafield tag="010" ind1=" " ind2=" ">
    <subfield code="a">B-076481</subfield>
  </datafield>
  <datafield tag="020" ind1=" " ind2=" ">
    <subfield code="c">600.00</subfield>
  </datafield>
  <datafield tag="035" ind1=" " ind2=" ">
    <subfield code="a">B-076481</subfield>
  </datafield>
  <datafield tag="037" ind1=" " ind2=" ">
    <subfield code="b">Cen Lib/Ret</subfield>
  </datafield>
  <datafield tag="040" ind1=" " ind2=" ">
    <subfield code="a">DPL</subfield>
    <subfield code="b">HN</subfield>
  </datafield>
  <datafield tag="082" ind1=" " ind2=" ">
    <subfield code="a">307.772</subfield>
    <subfield code="b">&#x905;&#x928;&#x93F;&#x932; </subfield>
  </datafield>
  <datafield tag="100" ind1=" " ind2=" ">
    <subfield code="a">&#x905;&#x928;&#x93F;&#x932; &#x915;&#x941;&#x92E;&#x93E;&#x930; </subfield>
    <subfield code="9">103822</subfield>
  </datafield>
  <datafield tag="245" ind1=" " ind2=" ">
    <subfield code="a">&#x91D;&#x93E;&#x930;&#x916;&#x923;&#x94D;&#x921; &#x92E;&#x947;&#x902; &#x92E;&#x941;&#x923;&#x94D;&#x921;&#x93E; &#x915;&#x93E; &#x906;&#x930;&#x94D;&#x925;&#x93F;&#x915; &#x907;&#x924;&#x93F;&#x939;&#x93E;&#x938; /</subfield>
    <subfield code="c">&#x905;&#x928;&#x93F;&#x932; &#x915;&#x941;&#x92E;&#x93E;&#x930; </subfield>
  </datafield>
  <datafield tag="246" ind1=" " ind2=" ">
    <subfield code="a">Jharkhand mein munda ka aarthik itihas /</subfield>
    <subfield code="b">by Anil Kumar</subfield>
  </datafield>
  <datafield tag="260" ind1=" " ind2=" ">
    <subfield code="a">&#x92A;&#x91F;&#x928;&#x93E; </subfield>
    <subfield code="b">&#x91C;&#x93E;&#x928;&#x915;&#x940; &#x92A;&#x94D;&#x930;&#x915;&#x93E;&#x936;&#x928; </subfield>
    <subfield code="c">2002</subfield>
  </datafield>
  <datafield tag="270" ind1=" " ind2=" ">
    <subfield code="a">&#x905;&#x936;&#x94B;&#x915; &#x930;&#x93E;&#x91C;&#x92A;&#x925;, &#x91A;&#x94C;&#x939;&#x91F;&#x93E;</subfield>
    <subfield code="b">&#x92A;&#x91F;&#x928;&#x93E; </subfield>
    <subfield code="e">700004</subfield>
  </datafield>
  <datafield tag="300" ind1=" " ind2=" ">
    <subfield code="a">387&#x92A;&#x943;. </subfield>
    <subfield code="c">21&#x938;&#x947;&#x92E;&#x940; (&#x938;&#x91C;&#x93F;&#x932;&#x94D;&#x926; ) </subfield>
  </datafield>
  <datafield tag="500" ind1=" " ind2=" ">
    <subfield code="a">&#x905;&#x928;&#x941;&#x915;&#x94D;&#x930;&#x92E;&#x923;&#x93F;&#x915;&#x93E;  &#x936;&#x93E;&#x92E;&#x93F;&#x932;  </subfield>
  </datafield>
  <datafield tag="650" ind1=" " ind2=" ">
    <subfield code="a">&#x906;&#x930;&#x94D;&#x925;&#x93F;&#x915; &#x907;&#x924;&#x93F;&#x939;&#x93E;&#x938; </subfield>
    <subfield code="x"> </subfield>
    <subfield code="z"> </subfield>
    <subfield code="9">103823</subfield>
  </datafield>
  <datafield tag="650" ind1=" " ind2=" ">
    <subfield code="a">&#x906;&#x930;&#x94D;&#x925;&#x93F;&#x915; &#x907;&#x924;&#x93F;&#x939;&#x93E;&#x938;--&#x91D;&#x93E;&#x930;&#x916;&#x923;&#x94D;&#x921;</subfield>
    <subfield code="v"> </subfield>
    <subfield code="9">82714</subfield>
  </datafield>
  <datafield tag="650" ind1=" " ind2=" ">
    <subfield code="a">Economic History</subfield>
    <subfield code="9">6496</subfield>
  </datafield>
  <datafield tag="650" ind1=" " ind2=" ">
    <subfield code="a">Economic History--Jharkhand</subfield>
    <subfield code="9">82715</subfield>
  </datafield>
  <datafield tag="942" ind1=" " ind2=" ">
    <subfield code="2">ddc</subfield>
    <subfield code="c">HN</subfield>
    <subfield code="h">307.772</subfield>
    <subfield code="m">&#x905;&#x928;&#x93F;&#x932; </subfield>
  </datafield>
  <datafield tag="999" ind1=" " ind2=" ">
    <subfield code="c">118965</subfield>
    <subfield code="d">118965</subfield>
  </datafield>
  <datafield tag="952" ind1=" " ind2=" ">
    <subfield code="0">0</subfield>
    <subfield code="1">0</subfield>
    <subfield code="4">0</subfield>
    <subfield code="7">0</subfield>
    <subfield code="a">L</subfield>
    <subfield code="b">L</subfield>
    <subfield code="d">2015-09-14</subfield>
    <subfield code="e">Cen Lib/Ret</subfield>
    <subfield code="g">600.00</subfield>
    <subfield code="l">1</subfield>
    <subfield code="o">307.772 &#x905;&#x928;&#x93F;&#x932;</subfield>
    <subfield code="p">B-076481</subfield>
    <subfield code="r">2017-10-05 00:00:00</subfield>
    <subfield code="s">2017-08-23</subfield>
    <subfield code="t">1</subfield>
    <subfield code="v">600.00</subfield>
    <subfield code="w">2015-09-14</subfield>
    <subfield code="y">HN</subfield>
  </datafield>
</record>
